000 00247nam a22001097a 4500
082 _a621.381 DIR'S
100 _aSUTTON, G. W
_979724
245 _aDIRECT ENERGY CONVERSION
260 _aNEWYOKR
_bMCGRAW HILL
_c1966
300 _a342P
942 _cBK
999 _c584726
_d584726